=LDR 00000nam 2200000 4500 =001 INLIS000000000050209 =005 20170425124319 =035 ##$$a 0010-0417000024 =007 ta =008 170425###########################0#ind## =082 ##$$a 342.083 =084 ##$$a 342.083 SUD w =100 #$$a sudargo gautama =245 1#$$a warga negara dan orang asing : $b berikut peraturan-peraturan dan contoh-contoh /$c sudargo gautama =250 ##$$a cet.5 =260 ##$$a bandung :$b alumni,$c 1992 =300 ##$$a 444hlm : $b ilus ; $c 25cm =990 ##$$a 73027302 =990 ##$$a 01201707302